00686cam a2200193 4500008004100000020001500041035001200056100002200068245012400090260004600214300002900260504003200289504001900321506002000340600005000360700004000410700003700450650000500487060921s2001 mdu 000 0 eng u a0810838923 aa4561761 aGreenaways, Peter10aPeter Greenaway´s postmodern/poststructuralist cinema / c [edited by] Paula Willoquet-Maricondi, Mary Alemany-Galway. aLanham, Maryland :bThe Scarecrow, c2001 axxviii, 360 p. ;c23 cm. aBibliografía . p. 329-352 aIncluye indice aRec. prop. esc.1 aGreenaway, Peter xCritica e interpretación1 aWilloquet-Maricondi, Paula, d1960-1 aAlemania - Galway, Mary, d1944- a